The omosexual & the law

Zapisane w:
Opis bibliograficzny
1. autor: Mitchell, Roger S.
Format: Książka
Język:angielski
Etykiety: Dodaj etykietę
Nie ma etykietki, Dołącz pierwszą etykiete!

MARC

LEADER 00000nam a2200000 4500
001 CDOM0000002674
003 mi
005 20250921134223.0
008 250921b |||||||| |||| 00| 0 eng d
040 |c mi 
100 |a Mitchell, Roger S. 
245 1 |a The omosexual & the law  
942 |2 ddc  |c BK 
952 |0 0  |1 0  |2 ddc  |4 0  |7 1  |9 6133  |a MI  |b MI  |d 1988-02-18  |i 823  |l 0  |p CDOM823  |r 2025-07-13 16:28:00  |w 2025-07-13  |x ACQUISTO  |y BK 
999 |c 4905  |d 4905